|
|
|
|
| LEADER |
00000ctm a22000007a 4500 |
| 001 |
20416 |
| 003 |
CZ-ZlUTB |
| 005 |
20240830154720.0 |
| 008 |
980930s1998^ xr ||||| ||||| |||||cze|d |
| 040 |
|
|
|a ZLD002
|b cze
|c ZLD002
|d ZLD002
|
| 072 |
|
7 |
|a 678
|x Průmysl makromolekulárních látek. Gumárenský průmysl. Průmysl plastů
|2 Konspekt
|9 19
|
| 100 |
1 |
|
|a Karafová, Věra
|4 dis
|
| 245 |
1 |
0 |
|a Zavedení atestace TR podešví a vytypování odpovídajících TR granulátů
|h [rukopis] :
|b diplomová práce /
|c Věra Karafová
|
| 260 |
|
|
|a Zlín,
|c 1998
|
| 300 |
|
|
|a 87 s.
|
| 650 |
0 |
4 |
|a KASTEK UB Uherský Brod
|
| 650 |
0 |
7 |
|a atestace
|7 ph250057
|2 czenas
|
| 650 |
0 |
7 |
|a elastomery
|7 ph184922
|2 czenas
|
| 650 |
0 |
4 |
|a granuláty
|
| 650 |
0 |
4 |
|a k98m
|
| 650 |
0 |
7 |
|a podešve
|7 ph698681
|2 czenas
|
| 650 |
0 |
4 |
|a termoplastické elastomery
|
| 650 |
0 |
7 |
|a termoplasty
|7 ph126605
|2 czenas
|
| 655 |
|
7 |
|a diplomové práce
|7 fd132022
|2 czenas
|
| 710 |
2 |
|
|a Vysoké učení technické v Brně.
|b Fakulta technologická ve Zlíně.
|b Katedra kožedělné technologie
|4 dgg
|
| 952 |
|
|
|0 0
|1 0
|4 0
|6 D1998KARAFOVÁV
|7 0
|8 MANUS
|9 35429
|a UTBZL
|b UTBZL
|c 001
|d 2006-07-29
|i 4442/D
|l 0
|o D1998/KARAFOVÁ,V.
|p 420010004442
|r 2019-08-25 00:00:00
|w 2019-08-25
|x 20100831
|y 12
|
| 992 |
|
|
|a DS
|
| 999 |
|
|
|c 20416
|d 20416
|
| 993 |
|
|
|x NEPOSILAT
|y VSKP
|